Statistics for all Terraria slimes

Click here to take the quiz!

General Stats

  • This quiz has been taken 18 times
  • The average score is 23 of 31

Answer Stats

Slimes% Correct
black
100%
blue
100%
green
100%
purple
100%
ice
93%
jungle
93%
mother
93%
red
93%
spiked
93%
baby
86%
corrupt
86%
king slime
86%
pinky
86%
sand
86%
yellow
86%
lava
79%
queen slime
79%
rainbow
79%
umbrella
79%
spiked ice
71%
spiked jungle
71%
crimslime
64%
slimer
64%
toxic sludge
64%
slimeling
57%
dungeon
50%
bouncy
43%
crystal
36%
illuminant
36%
heavenly
29%
hoppin jack
29%

Score Distribution

Percentile by Number Answered

Percent of People with Each Score

Your Score History

You have not taken this quiz